| 000 | 00470nam a2200169Ia 4500 | ||
|---|---|---|---|
| 003 | LDD | ||
| 008 | 190117s9999 xx 000 0 und d | ||
| 020 |
_a8121401259 _c₹75 |
||
| 040 | _cLDD | ||
| 041 | _ahi | ||
| 082 | _a8H1.709 न1664र | ||
| 100 | _aनगेन्द्र | ||
| 245 | 0 |
_aरस-सिद्धान्त _cनगेन्द्र |
|
| 260 |
_aनई दिल्ली _bनेशनल _c1987 |
||
| 300 | _a360प्र. | ||
| 942 |
_2ddc _cH |
||
| 999 |
_c161890 _d161890 |
||